[Event "Francisco Martinez 8th tt"]
[Site "Santa Clara"]
[Date "2018.08.18"]
[Round "5.1"]
[White "Perez Marimon, Jorge De Jesus"]
[Black "Borroto Fajardo, Alian Alberto"]
[Result "1/2-1/2"]
[WhiteElo "2101"]
[BlackElo "1959"]
[PlyCount "115"]
[EventDate "2018.08.16"]
[EventType "team-tourn"]
[EventRounds "10"]
[EventCountry "CUB"]
[EventCategory "8"]
[SourceTitle "EXT 2021"]
[Source "ChessBase"]
[SourceDate "2020.10.23"]
[SourceVersion "1"]
[SourceVersionDate "2020.10.23"]
[SourceQuality "1"]

1. e4 e6 2. d4 d5 3. Nd2 c5 4. exd5 Qxd5 5. dxc5 Bxc5 6. Ngf3 Nf6 7. Bc4 Qc6 8. Qe2 Nbd7 9. Nb3 a6 10. 0-0 b5 11. Bd3 0-0 12. Bg5 Bb6 13. c4 bxc4 14. Bxc4 Bb7 15. Rac1 Qe4 16. Qxe4 Nxe4 17. Be3 Bxe3 18. fxe3 Ndf6 19. Ne5 Rfd8 20. Nd4 Nd2 21. Rf2 Nxc4 22. Rxc4 Rd5 23. Nec6 Bxc6 24. Rxc6 Ng4 25. Rfc2 Nxe3 26. Rxa6 Rad8 27. Re2 Rxd4 28. Rxe3 g6 29. Kf2 Rc8 30. Re2 Kg7 31. b3 Kf6 32. Rb6 h5 33. a4 Rc5 34. g3 Kf5 35. b4 Rcc4 36. Rb2 h4 37. a5 hxg3+ 38. hxg3 Rc3 39. Rb7 Kg4 40. Rxf7 Rxg3 41. a6 Rh3 42. a7 Rd8 43. Ke1 Rh1+ 44. Rf1 Rxf1+ 45. Kxf1 Rd1+ 46. Kg2 Ra1 47. b5 Rxa7 48. Rb4+ Kf5 49. b6 Rb7 50. Kf3 Ke5 51. Rg4 Rxb6 52. Rxg6 Kd4 53. Rg4+ Kd5 54. Ra4 Rb3+ 55. Ke2 e5 56. Kd2 e4 57. Ke2 Ke5 58. Ra8 1/2-1/2

[Event "Francisco Martinez 8th tt"]
[Site "Santa Clara"]
[Date "2018.08.16"]
[Round "2.1"]
[White "Borroto Fajardo, Alian Alberto"]
[Black "Cabrera Gonzalez, Maximo Ariel"]
[Result "0-1"]
[WhiteElo "1959"]
[BlackElo "2009"]
[PlyCount "58"]
[EventDate "2018.08.16"]
[EventType "team-tourn"]
[EventRounds "10"]
[EventCountry "CUB"]
[EventCategory "8"]
[SourceTitle "EXT 2021"]
[Source "ChessBase"]
[SourceDate "2020.10.23"]
[SourceVersion "1"]
[SourceVersionDate "2020.10.23"]
[SourceQuality "1"]

1. d4 d5 2. Nf3 Nf6 3. e3 e6 4. Bd3 c5 5. b3 Nc6 6. Bb2 Bd6 7. 0-0 0-0 8. Ne5 Qc7 9. f4 cxd4 10. exd4 Nb4 11. Nd2 Nxd3 12. Nxd3 Bd7 13. Ne5 b5 14. Ndf3 Rac8 15. Rf2 Ne4 16. Re2 b4 17. Qd3 Be8 18. Ng5 Bc6 19. Rc1 Bb7 20. c3 Bxe5 21. dxe5 Qb6+ 22. Kh1 bxc3 23. Ba3 Ba6 24. Qe3 Bxe2 25. Qxe2 Nf2+ 26. Kg1 Nd3+ 27. Kh1 Nxc1 28. Bxc1 h6 29. Nh3 Qd4 0-1